header

Power generation technologies (Record no. 81978)

MARC details
000 -LEADER
fixed length control field 01018nam a2200277Ia 4500
082 04 - DEWEY DECIMAL CLASSIFICATION NUMBER
Classification number 621.3121
100 1# - MAIN ENTRY--AUTHOR NAME
Personal name Breeze, Paul A.
245 10 - TITLE STATEMENT
Title Power generation technologies
260 ## - PUBLICATION, DISTRIBUTION, ETC. (IMPRINT)
Place of publication Oxford :
Name of publisher Newnes,
Year of publication 2005.
300 ## - PHYSICAL DESCRIPTION
Number of Pages x, 276 p. :
Other physical details ill.
500 ## - GENERAL NOTE
General note Includes index.
650 #0 - SUBJECT ADDED ENTRY--TOPICAL TERM
Topical Term Electric power production.
Topical Term Electrical engineering.
856 40 - ELECTRONIC LOCATION AND ACCESS
Uniform Resource Identifier http://site.ebrary.com/lib/rucke/Doc?id=10127888

No items available.

© 2026 Rongo University
Contact us: librarian | system librarian | Rongo university